多摩川を渡る鉄道路線 - Statistics

General Stats
  • This quiz has been taken 602 times
    598 since last reset
  • The average score is 13 of 16
Answer Stats
Answer % Correct
東海道本線
94%
中央本線
92%
東急東横線
91%
南武線
89%
東急田園都市線
89%
小田急小田原線
88%
京急本線
88%
京王線
87%
品鶴線
83%
五日市線
78%
京王相模原線
76%
八高線
75%
東急目黒線
75%
東急大井町線
72%
東海道新幹線
72%
多摩都市モノレール
58%
No matching quizzes found
Score Distribution
Percent of People with Each Score
Percentile by Number Answered
Your Score History
You have not taken this quiz since the last reset